[Event "XXX Memorial Edoardo Crespi B"]
[Site "Milano ITA"]
[Date "2009.12.05"]
[Round "2"]
[White "Margstahler, Francesco"]
[Black "Bisignano, Riccardo"]
[Result "1/2-1/2"]
[WhiteElo "1800"]
[BlackElo "1937"]
[PlyCount "86"]
[EventDate "2009.12.04"]

1. e4 c5 2. c3 d5 3. exd5 Qxd5 4. d4 Nc6 5. Nf3 Bg4 6. dxc5 Qxd1+ 7. Kxd1 e5 8.
b4 e4 9. h3 Bh5 10. g4 exf3 11. gxh5 Nf6 12. Bc4 O-O-O+ 13. Kc2 Ne5 14. Bb3
Nxh5 15. Be3 g6 16. Nd2 Bg7 17. Ne4 f5 18. Nd6+ Kb8 19. Bd4 Rd7 20. Be6 Re7 21.
Bd5 Nf4 22. Bxe5 Nxd5 23. Bxg7 Rxg7 24. Rae1 Rd8 25. Re5 Nf6 26. Rg1 Rgd7 27.
Rg3 Ne4 28. Rxf3 Nxd6 29. cxd6 Rxd6 30. Re2 b5 31. Rfe3 R8d7 32. Re8+ Kc7 33.
R8e7 Rd2+ 34. Rxd2 Rxe7 35. Kd1 Re5 36. Rd4 Re4 37. Rd5 Kc6 38. Rc5+ Kb6 39. a4
a6 40. a5+ Kb7 41. Rd5 Rh4 42. Rd7+ Kb8 43. Rd6 Kb7 1/2-1/2

[Event "XXX Memorial Edoardo Crespi B"]
[Site "Milano ITA"]
[Date "2009.12.05"]
[Round "2"]
[White "Memarian, Milad"]
[Black "Olivieri, Alessandro"]
[Result "1-0"]
[WhiteElo "1962"]
[BlackElo "1800"]
[PlyCount "123"]
[EventDate "2009.12.04"]

1. e4 d6 2. d4 Nf6 3. Nc3 g6 4. f3 c6 5. a4 a5 6. Bc4 Nbd7 7. f4 d5 8. Bd3 dxe4
9. Nxe4 Nxe4 10. Bxe4 Nf6 11. Bf3 Bg7 12. Ne2 O-O 13. O-O Be6 14. Nc3 Qb6 15.
Kh1 Rfd8 16. Be3 Nd5 17. Nxd5 Bxd5 18. Bxd5 Rxd5 19. c3 c5 20. dxc5 Qe6 21. Qb3
Rad8 22. Rae1 Qd7 23. Qb5 Qxb5 24. axb5 a4 25. Ra1 Rd3 26. Bg1 Rd2 27. Rfb1 Ra8
28. Be3 Rd3 29. Re1 a3 30. c6 bxc6 31. bxc6 Rd6 32. Bc5 Rxc6 33. Rxa3 Rxa3 34.
Bxa3 e6 35. Rd1 h5 36. Rd8+ Kh7 37. Rd7 Kg8 38. Rd6 Rc8 39. Rd7 Ra8 40. c4 Ra4
41. c5 Rxf4 42. g3 Rc4 43. b4 Bf8 44. Rd8 f6 45. Rb8 Kf7 46. Kg2 e5 47. Rb7+
Ke6 48. Rb6+ Kf5 49. Rb8 Rc2+ 50. Kf1 Bh6 51. b5 Ke4 52. Rd8 Rc3 53. Bb4 Rc4
54. c6 Kf3 55. Rd3+ Ke4 56. Rc3 Rxb4 57. c7 Rb1+ 58. Ke2 Rb2+ 59. Kd1 Rd2+ 60.
Kc1 Rd7+ 61. Kb2 Rd2+ 62. Rc2 1-0

[Event "XXX Memorial Edoardo Crespi B"]
[Site "Milano ITA"]
[Date "2009.12.05"]
[Round "2"]
[White "Mouflih, Caesar Faycal"]
[Black "Di Paola, Antonio"]
[Result "1-0"]
[WhiteElo "1843"]
[BlackElo "1749"]
[PlyCount "79"]
[EventDate "2009.12.04"]

1. e4 c6 2. d4 d5 3. Nc3 dxe4 4. Nxe4 Nd7 5. Bc4 Ngf6 6. Ng5 e6 7. Ne2 Bd6 8.
Ng3 h6 9. N5e4 Be7 10. c3 Nb6 11. Nxf6+ Bxf6 12. Bb3 Qc7 13. O-O Bd7 14. a4 a5
15. Qf3 Be7 16. Bf4 Bd6 17. Bxd6 Qxd6 18. Ne4 Qe7 19. Qg3 O-O 20. Qc7 Qd8 21.
Qxb7 Rb8 22. Qa6 Nd5 23. Nc5 Qc7 24. Rfe1 Bc8 25. Qd3 Rb6 26. Bc2 Nf6 27. b3
Rd8 28. Re3 Rd5 29. Rae1 Rh5 30. Re5 Rh4 31. g3 Rg4 32. h3 Rg6 33. Qd2 Ba6 34.
Bxg6 fxg6 35. Rxe6 Bc8 36. Re7 Qd6 37. Re8+ Nxe8 38. Rxe8+ Kh7 39. Rxc8 Qf6 40.
Nd7 1-0

[Event "XXX Memorial Edoardo Crespi B"]
[Site "Milano ITA"]
[Date "2009.12.05"]
[Round "2"]
[White "Olivo, Mario"]
[Black "Oteri, Aldo"]
[Result "0-1"]
[WhiteElo "1827"]
[BlackElo "1826"]
[PlyCount "114"]
[EventDate "2009.12.04"]

1. c4 e5 2. Nc3 Nc6 3. Nf3 f5 4. d4 e4 5. Ne5 Nxe5 6. dxe5 Qe7 7. Bf4 g5 8. Nd5
Qd8 9. e3 h5 10. Be2 g4 11. h3 c6 12. Nc3 Nh6 13. hxg4 hxg4 14. Qd2 Qe7 15. a3
Bg7 16. O-O-O Nf7 17. Rxh8+ Bxh8 18. f3 exf3 19. gxf3 Nxe5 20. Bxe5 Bxe5 21.
fxg4 d6 22. gxf5 Bxf5 23. Bh5+ Kd7 24. c5 d5 25. Nxd5 cxd5 26. Qxd5+ Kc7 27.
Bf3 Rb8 28. b4 Bd7 29. Qc4 Rh8 30. b5 Rh2 31. Qd5 Bb2+ 32. Kb1 Bf5+ 33. e4 Be6
34. Qd6+ Qxd6 35. Rxd6 Bd7 36. b6+ axb6 37. Rxb6 Bxa3 38. e5 Bc6 39. Bxc6 bxc6
40. Rb3 Bxc5 41. Rf3 Re2 42. Rf7+ Kb6 43. Rf5 Bd4 44. Rf3 Bxe5 45. Kc1 Kb5 46.
Rf5 Kc4 47. Kd1 Kd3 48. Rf3+ Re3 49. Rf2 c5 50. Rd2+ Kc3 51. Rc2+ Kb4 52. Rg2
Kb3 53. Rf2 Bc3 54. Rf1 Re1+ 55. Rxe1 Bxe1 56. Kxe1 Kb2 57. Kd2 c4 0-1

[Event "XXX Memorial Edoardo Crespi B"]
[Site "Milano ITA"]
[Date "2009.12.05"]
[Round "2"]
[White "Palmieri, Giovanni"]
[Black "Conta, Diego"]
[Result "1-0"]
[WhiteElo "1764"]
[BlackElo "1749"]
[PlyCount "119"]
[EventDate "2009.12.04"]

1. d4 d5 2. c4 e6 3. Nc3 Nf6 4. Bg5 Nbd7 5. Nf3 c6 6. e3 h6 7. Bh4 Be7 8. Bd3
dxc4 9. Bxc4 b5 10. Bd3 Bb7 11. O-O O-O 12. Rc1 a6 13. Nd2 Rc8 14. Nce4 Nxe4
15. Bxe7 Qxe7 16. Bxe4 f5 17. Bf3 Nf6 18. Nb3 Rc7 19. Nc5 Bc8 20. Nd3 Bd7 21.
Rc5 Rfc8 22. Qb3 Be8 23. Rfc1 Nd5 24. Ne5 g5 25. g3 g4 26. Bg2 h5 27. a3 h4 28.
Qd1 hxg3 29. hxg3 Qg5 30. Qe2 Qf6 31. e4 Ne7 32. exf5 exf5 33. d5 Qd6 34. dxc6
Nxc6 35. Bd5+ Kg7 36. Nxc6 Bxc6 37. Qc2 Bxd5 38. Rxc7+ Rxc7 39. Qxc7+ Qxc7 40.
Rxc7+ Kf6 41. Ra7 Ke5 42. Rxa6 Bc4 43. b4 Kd4 44. Kg2 Bd5+ 45. Kf1 Kc3 46. Ke2
Bc4+ 47. Ke3 Bd3 48. Rc6+ Bc4 49. Rc7 Kb3 50. Ra7 Bd5 51. Kd4 Be4 52. Kc5 Bd3
53. Ra5 Be2 54. Rxb5 Kxa3 55. Rb8 Bf3 56. b5 Kb3 57. Re8 Kc2 58. b6 Kd2 59. Kd4
Bg2 60. Re5 1-0

[Event "XXX Memorial Edoardo Crespi B"]
[Site "Milano ITA"]
[Date "2009.12.05"]
[Round "2"]
[White "Papa, Angelo"]
[Black "Colombo, Luca"]
[Result "1-0"]
[WhiteElo "1890"]
[BlackElo "1886"]
[PlyCount "77"]
[EventDate "2009.12.04"]

1. d4 Nf6 2. Nf3 d5 3. c4 e6 4. cxd5 exd5 5. Nc3 c6 6. Bg5 Be7 7. Qc2 O-O 8. e3
h6 9. Bh4 b6 10. Bd3 Ba6 11. O-O Bxd3 12. Qxd3 Nbd7 13. Rfd1 Re8 14. Rac1 Rc8
15. Qa6 Ra8 16. Rc2 c5 17. dxc5 Nxc5 18. Qe2 Nce4 19. Nxe4 Nxe4 20. Bxe7 Rxe7
21. Nd4 Rd7 22. Rdc1 Qe8 23. Qg4 Nf6 24. Qf5 Qe4 25. Rc8+ Rd8 26. Rxa8 Rxa8 27.
Rc7 Qxf5 28. Nxf5 Ne8 29. Rc6 Kh7 30. Kf1 Rd8 31. Ke2 Nf6 32. f3 Kg6 33. Nd4
Rd7 34. b4 Kh7 35. b5 Ng8 36. Rc2 Ne7 37. Nc6 Rc7 38. Kd3 Kg6 39. Ne5+ 1-0

[Event "XXX Memorial Edoardo Crespi B"]
[Site "Milano ITA"]
[Date "2009.12.05"]
[Round "2"]
[White "Pescatore, Lorenzo"]
[Black "Marinc, Damir"]
[Result "1/2-1/2"]
[WhiteElo "1900"]
[BlackElo "2022"]
[PlyCount "21"]
[EventDate "2009.12.04"]

1. e4 e5 2. Nf3 Nc6 3. d4 exd4 4. Bc4 Nf6 5. O-O Nxe4 6. Re1 d5 7. Bxd5 Qxd5 8.
Nc3 Qa5 9. Nxe4 Be7 10. Bg5 f6 11. Nxf6+ 1/2-1/2

[Event "XXX Memorial Edoardo Crespi B"]
[Site "Milano ITA"]
[Date "2009.12.05"]
[Round "2"]
[White "Piantoni, Pierino"]
[Black "Kimbin, Richard Conrod"]
[Result "1-0"]
[WhiteElo "1939"]
[BlackElo "1935"]
[PlyCount "47"]
[EventDate "2009.12.04"]

1. d4 Nf6 2. Nf3 g6 3. c4 Bg7 4. Nc3 d6 5. g3 O-O 6. Bg2 c6 7. O-O Bg4 8. h3
Bxf3 9. Bxf3 Nbd7 10. b3 e5 11. e3 Re8 12. Qc2 Nh5 13. Rd1 Rc8 14. Bb2 Qg5 15.
Ne4 Qe7 16. c5 dxc5 17. dxc5 Rf8 18. Nd6 Rb8 19. Bxh5 gxh5 20. Nf5 Qe6 21. Rd6
Qe8 22. Nxg7 Kxg7 23. Qf5 Nxc5 24. Qf6+ 1-0

[Event "XXX Memorial Edoardo Crespi B"]
[Site "Milano ITA"]
[Date "2009.12.05"]
[Round "2"]
[White "Quagliarella, Sabino Remo"]
[Black "Virzi, Ettore"]
[Result "1/2-1/2"]
[WhiteElo "1886"]
[BlackElo "1974"]
[PlyCount "52"]
[EventDate "2009.12.04"]

1. d4 Nf6 2. Nf3 g6 3. Bf4 Bg7 4. e3 d6 5. h3 O-O 6. Be2 c5 7. c3 Be6 8. Nbd2
Qb6 9. Qc2 Re8 10. dxc5 Qxc5 11. O-O Nc6 12. Nb3 Qb6 13. Nfd4 Bd7 14. Nxc6 Bxc6
15. Bg5 e5 16. Bxf6 Bxf6 17. e4 d5 18. exd5 Bxd5 19. Rad1 Be6 20. Bf3 Bf5 21.
Be4 Bxe4 22. Qxe4 Rad8 23. Qf3 Bg7 24. Rxd8 Rxd8 25. Rd1 Rxd1+ 26. Qxd1 Qc7
1/2-1/2

[Event "XXX Memorial Edoardo Crespi B"]
[Site "Milano ITA"]
[Date "2009.12.05"]
[Round "2"]
[White "Reale, Simone"]
[Black "Gaggino, Davide"]
[Result "1-0"]
[WhiteElo "1826"]
[BlackElo "1963"]
[PlyCount "87"]
[EventDate "2009.12.04"]

1. d4 d5 2. c4 c6 3. cxd5 cxd5 4. Nc3 Nf6 5. Bg5 e6 6. Nf3 Be7 7. e3 Nc6 8. Bd3
h6 9. Bh4 a6 10. O-O O-O 11. Rc1 Nh5 12. Bxe7 Qxe7 13. Na4 f5 14. Ne5 Nxe5 15.
dxe5 g6 16. Qc2 Qd8 17. Qc7 Bd7 18. Nb6 Bc6 19. Nxa8 Qxa8 20. Qb6 g5 21. b4 f4
22. b5 axb5 23. Bxb5 Bxb5 24. Qxb5 Qb8 25. Qd7 Qxe5 26. Rc7 Ng7 27. exf4 gxf4
28. Rxb7 f3 29. Qc7 Qf6 30. Rb8 fxg2 31. Rxf8+ Kxf8 32. Rb1 Qg6 33. Qb8+ Ne8
34. Qf4+ Kg7 35. Qg3 Qxg3 36. hxg3 Nf6 37. a4 d4 38. Kxg2 Ne4 39. a5 Nc5 40.
Rb5 Na6 41. Rb6 Nc5 42. a6 Nxa6 43. Rxa6 e5 44. Kf3 1-0

[Event "XXX Memorial Edoardo Crespi B"]
[Site "Milano ITA"]
[Date "2009.12.05"]
[Round "2"]
[White "Regorda, Vittorio"]
[Black "Bernago, Federico"]
[Result "0-1"]
[WhiteElo "1865"]
[BlackElo "1960"]
[PlyCount "118"]
[EventDate "2009.12.04"]

1. d4 Nf6 2. Nf3 c5 3. e3 e6 4. Bd3 b6 5. O-O Bb7 6. b3 Be7 7. Bb2 O-O 8. Nbd2
d6 9. Qe2 Nbd7 10. Rac1 Qc7 11. c4 Rac8 12. Bb1 Qb8 13. Rfe1 Rfe8 14. Qd3 Bf8
15. Ng5 g6 16. a3 Bg7 17. Ndf3 Bxf3 18. Nxf3 e5 19. Qd1 Rcd8 20. Nd2 Nh5 21. g4
Nhf6 22. Qf3 Nf8 23. Ne4 N6d7 24. Ng3 h6 25. h4 Nh7 26. Ne4 exd4 27. h5 Ne5 28.
Qg3 d5 29. exd4 cxd4 30. f4 dxe4 31. Rxe4 Nc6 32. hxg6 fxg6 33. Rxe8+ Rxe8 34.
Bxg6 Rf8 35. Rf1 Qd6 36. Qd3 Nf6 37. g5 hxg5 38. fxg5 Ne5 39. Qxd4 Qxd4+ 40.
Bxd4 Nfg4 41. Rxf8+ Kxf8 42. Bxe5 Nxe5 43. Be4 Nd7 44. g6 Ne5 45. Kg2 Ke7 46.
Kg3 Kf6 47. Kf4 Nxg6+ 48. Bxg6 Kxg6 49. Ke4 Bb2 50. a4 a5 51. Kd5 Ba3 52. Ke5
Kg5 53. Ke4 Kg4 54. Ke3 Kf5 55. Kd4 Ke6 56. Ke3 Kd6 57. Kd3 Kc5 58. Kc3 Bc1 59.
Kd3 Kb4 0-1

[Event "XXX Memorial Edoardo Crespi B"]
[Site "Milano ITA"]
[Date "2009.12.05"]
[Round "2"]
[White "Riccio, Luigi"]
[Black "Orsi, Matteo"]
[Result "1-0"]
[WhiteElo "1840"]
[BlackElo "1960"]
[PlyCount "89"]
[EventDate "2009.12.04"]

1. e4 c6 2. d4 d5 3. exd5 cxd5 4. Bd3 Nc6 5. c3 Qc7 6. Nf3 Bg4 7. O-O e6 8. Re1
Bd6 9. h3 Bh5 10. Nbd2 Nf6 11. Nf1 O-O 12. Bg5 Nd7 13. Bh4 Be7 14. Bg3 Bxf3 15.
Qxf3 Bd6 16. Re3 Rae8 17. Rae1 Nd8 18. Bxd6 Qxd6 19. Ng3 g6 20. Ne2 f5 21. Nf4
Nf6 22. Bb5 Re7 23. Nd3 a6 24. Ba4 b5 25. Bc2 Ne4 26. Qf4 Qb6 27. R3e2 Nf7 28.
h4 a5 29. a3 Rfe8 30. Ne5 b4 31. axb4 axb4 32. f3 Nf6 33. Kh2 Nh5 34. Qd2 b3
35. Bb1 f4 36. Qd3 Nxe5 37. Rxe5 Qd8 38. Rg5 Rg7 39. Ree5 h6 40. Rxg6 Qxh4+ 41.
Kg1 Ree7 42. Rxh6 Qg3 43. Qe2 Nf6 44. Rxf6 Rh7 45. Rg6+ 1-0

[Event "XXX Memorial Edoardo Crespi B"]
[Site "Milano ITA"]
[Date "2009.12.05"]
[Round "2"]
[White "Rossi, Giampiero"]
[Black "Paganini, Andrea"]
[Result "0-1"]
[WhiteElo "1936"]
[BlackElo "1753"]
[PlyCount "98"]
[EventDate "2009.12.04"]

1. d4 d5 2. c4 e5 3. dxe5 d4 4. Nf3 Nc6 5. g3 Nge7 6. Bg2 Ng6 7. O-O Be7 8. b3
Ncxe5 9. Nxe5 Nxe5 10. Bb2 c5 11. Nd2 Rb8 12. Nf3 Nxf3+ 13. Bxf3 O-O 14. Re1
Bf6 15. Qc2 Re8 16. Rad1 Re5 17. Bc1 Re7 18. e3 Qe8 19. Re2 Bh3 20. exd4 Rxe2
21. Qxe2 Qxe2 22. Bxe2 Bxd4 23. Bf3 Re8 24. Bd2 b6 25. Re1 Rxe1+ 26. Bxe1 Bf5
27. Bd1 Kf8 28. Bd2 Ke7 29. Bf4 a6 30. a4 Kd7 31. Be3 Bxe3 32. fxe3 Kd6 33. Kf2
Ke5 34. Ke1 Bd3 35. Kd2 Ke4 36. Bg4 Bb1 37. Bc8 a5 38. Bb7+ Ke5 39. Bc6 Bf5 40.
Bb7 Be4 41. Bc8 Kf6 42. Bh3 Kg5 43. Kc3 h5 44. Kd2 h4 45. gxh4+ Kxh4 46. Bf1
Kg4 47. Be2+ Kh3 48. Bf1+ Kxh2 49. Ke2 Kg3 0-1

[Event "XXX Memorial Edoardo Crespi B"]
[Site "Milano ITA"]
[Date "2009.12.05"]
[Round "2"]
[White "Scarpellini, Felice"]
[Black "Perrotta, Leopoldo"]
[Result "0-1"]
[WhiteElo "1803"]
[BlackElo "1843"]
[PlyCount "76"]
[EventDate "2009.12.04"]

1. c4 Nc6 2. Nc3 e5 3. g3 Nf6 4. Bg2 Bc5 5. Nf3 a6 6. O-O d6 7. a3 O-O 8. b4
Ba7 9. d3 h6 10. b5 axb5 11. cxb5 Ne7 12. Bb2 Ng4 13. Qc2 Nf5 14. Nd1 Bd7 15.
e4 Ne7 16. h3 Nf6 17. a4 Nh5 18. Kh2 f5 19. Rc1 fxe4 20. dxe4 Rc8 21. Qd3 Be6
22. Ne3 Bxe3 23. Qxe3 Qe8 24. Rfd1 Qf7 25. Rd3 Ng6 26. Rdc3 Nhf4 27. R1c2 Nxg2
28. Kxg2 d5 29. Rd3 d4 30. Qe1 Bb3 31. Rc5 b6 32. Rc6 Bxa4 33. Ra3 Bxb5 34.
Rxg6 Qxg6 35. Qd1 Bc6 36. Qb3+ Kh7 37. Qd1 Bxe4 38. Kg1 Qf6 0-1

[Event "XXX Memorial Edoardo Crespi B"]
[Site "Milano ITA"]
[Date "2009.12.05"]
[Round "2"]
[White "Silari, Andrea"]
[Black "Lanni, Vincenzo"]
[Result "0-1"]
[WhiteElo "1797"]
[BlackElo "1803"]
[PlyCount "76"]
[EventDate "2009.12.04"]

1. d4 g6 2. e4 Bg7 3. Nc3 d6 4. f4 Nf6 5. Nf3 O-O 6. Bd3 Bg4 7. h3 Bxf3 8. Qxf3
c6 9. Be3 e6 10. g4 Nbd7 11. O-O-O Qa5 12. a3 b5 13. Bd2 Qb6 14. Ne2 c5 15. c3
a5 16. g5 Nh5 17. dxc5 Nxc5 18. Bc2 Rac8 19. f5 Be5 20. f6 Qb7 21. Bf4 Nxf4 22.
Nxf4 b4 23. axb4 axb4 24. cxb4 Qxb4 25. Nd3 Nxd3+ 26. Qxd3 Qxb2+ 27. Kd2 Bf4+
28. Ke1 Qxc2 29. Qf3 Qc3+ 30. Qxc3 Rxc3 31. h4 Rfc8 32. Kf2 Rc2+ 33. Kf3 Be5
34. h5 R8c3+ 35. Kg4 Rg2+ 36. Kh4 Re2 37. hxg6 hxg6 38. Rb1 Rxe4# 0-1

[Event "XXX Memorial Edoardo Crespi B"]
[Site "Milano ITA"]
[Date "2009.12.05"]
[Round "2"]
[White "Trent, Alan M."]
[Black "Paulovich, Adriano"]
[Result "1-0"]
[WhiteElo "1848"]
[BlackElo "1773"]
[PlyCount "81"]
[EventDate "2009.12.04"]

1. e4 e5 2. Nf3 Nc6 3. Bc4 Nf6 4. d3 Bc5 5. Bg5 d6 6. h3 Be6 7. Nc3 h6 8. Bh4
g5 9. Bg3 Bxc4 10. dxc4 Qd7 11. Qe2 O-O-O 12. O-O-O Nd4 13. Nxd4 Bxd4 14. Nb5
a6 15. Nxd4 exd4 16. Rxd4 Qa4 17. Kb1 Nd7 18. b3 Qa3 19. Qg4 Kb8 20. Rhd1 f6
21. Qf5 Qc5 22. Qe6 Rhe8 23. Qf7 Qc6 24. Bxd6 Rxe4 25. Rxe4 Qxe4 26. Be7 Rc8
27. Rxd7 Qe1+ 28. Kb2 Qxf2 29. Qxf6 Qxg2 30. Qxh6 g4 31. hxg4 Qxg4 32. Qd2 b6
33. Bb4 a5 34. Bc3 a4 35. Rd8 axb3 36. Rxc8+ Kxc8 37. cxb3 c5 38. Qh2 Kb7 39.
Qh7+ Kc6 40. Qh6+ Kb7 41. Qg7+ 1-0

[Event "XXX Memorial Edoardo Crespi B"]
[Site "Milano ITA"]
[Date "2009.12.06"]
[Round "3"]
[White "Acunzo, Domenico"]
[Black "Papa, Angelo"]
[Result "1/2-1/2"]
[WhiteElo "1808"]
[BlackElo "1890"]
[PlyCount "48"]
[EventDate "2009.12.04"]

1. e4 g6 2. d4 Bg7 3. f4 c6 4. Nc3 d5 5. e5 Nh6 6. Nf3 Bg4 7. Bd3 O-O 8. O-O f6
9. Qe1 Bxf3 10. Rxf3 fxe5 11. fxe5 Rxf3 12. gxf3 e6 13. Ne2 Nd7 14. Nf4 Qe7 15.
Qg3 Nf5 16. Bxf5 exf5 17. c3 Nf8 18. Nh3 Ne6 19. Bd2 c5 20. Ng5 cxd4 21. Nxe6
Qxe6 22. cxd4 Rc8 23. Bc3 b5 24. a3 Kf7 1/2-1/2

[Event "XXX Memorial Edoardo Crespi B"]
[Site "Milano ITA"]
[Date "2009.12.06"]
[Round "3"]
[White "Alidosi, Marco"]
[Black "Bertazzoli, Giulio"]
[Result "0-1"]
[WhiteElo "1789"]
[BlackElo "1857"]
[PlyCount "104"]
[EventDate "2009.12.04"]

1. Nf3 Nf6 2. g3 g6 3. Bg2 Bg7 4. O-O O-O 5. d4 d5 6. Bg5 c6 7. Nbd2 Qb6 8. Nb3
Bf5 9. Nh4 Bc8 10. Qc1 Re8 11. Nf3 Bg4 12. Nc5 Ne4 13. Nb3 Bxf3 14. exf3 Nxg5
15. Qxg5 Bxd4 16. Nxd4 Qxd4 17. c3 Qb6 18. Rfe1 e6 19. Re2 Nd7 20. f4 Qd8 21.
Qg4 Qf6 22. Rae1 Qf5 23. Qh4 Qf6 24. Qg4 h5 25. Qg5 Kg7 26. Bh3 Rh8 27. Qxf6+
Nxf6 28. Bg2 h4 29. h3 Nh5 30. Kh2 b5 31. Bf3 a5 32. Re5 Nf6 33. g4 Nd7 34.
R5e3 Kf6 35. g5+ Ke7 36. Bg4 Kd6 37. Bf3 Nb6 38. Be2 Nc4 39. Bxc4 bxc4 40. Kg2
a4 41. Kf3 a3 42. bxa3 Rhb8 43. R1e2 Rxa3 44. Kg4 Rb1 45. Kxh4 Ra1 46. Rc2
R1xa2 47. Ree2 Rxc2 48. Rxc2 Kc5 49. Kg4 d4 50. cxd4+ Kxd4 51. Rd2+ Rd3 52. Ra2
c3 0-1

[Event "XXX Memorial Edoardo Crespi B"]
[Site "Milano ITA"]
[Date "2009.12.06"]
[Round "3"]
[White "Attuati, Stefano"]
[Black "Scarpellini, Felice"]
[Result "1-0"]
[WhiteElo "1801"]
[BlackElo "1803"]
[PlyCount "79"]
[EventDate "2009.12.04"]

1. e4 d6 2. d4 g6 3. Nc3 Bg7 4. Be3 c6 5. f3 Nf6 6. Qd2 O-O 7. O-O-O b5 8. Bh6
b4 9. Nce2 Qa5 10. Kb1 Nbd7 11. h4 Rb8 12. h5 Nxh5 13. e5 Nhf6 14. exf6 Nxf6
15. Bxg7 Kxg7 16. Qh6+ Kg8 17. Nh3 Qh5 18. Qd2 Qf5 19. Nc1 a5 20. Be2 h5 21.
Nf4 e5 22. Nh3 Kg7 23. Bd3 Qd7 24. dxe5 dxe5 25. Nf2 Rh8 26. Qg5 Qe6 27. Rhe1
Nh7 28. Qxe5+ Qxe5 29. Rxe5 a4 30. Be4 Bb7 31. Rd7 Nf6 32. Rc7 Ne8 33. Rce7 Nf6
34. Ra5 a3 35. Ra7 Nxe4 36. Nxe4 axb2 37. Kxb2 Ba8 38. Rxf7+ Kh6 39. Nd3 g5 40.
Rf6# 1-0

[Event "XXX Memorial Edoardo Crespi B"]
[Site "Milano ITA"]
[Date "2009.12.06"]
[Round "3"]
[White "Baccarin, Stefano"]
[Black "Casamassima, Paolo"]
[Result "1-0"]
[WhiteElo "1840"]
[BlackElo "1747"]
[PlyCount "145"]
[EventDate "2009.12.04"]

1. e4 c5 2. Nc3 d6 3. g3 Nc6 4. Bg2 Nf6 5. f4 e6 6. Nf3 Qc7 7. O-O a6 8. d3 Be7
9. Ne2 O-O 10. h3 h6 11. g4 Nd7 12. Be3 e5 13. f5 Nd4 14. Ng3 Nf6 15. g5 Nxf3+
16. Qxf3 hxg5 17. Bxg5 Nh7 18. Be3 Bg5 19. Bxg5 Nxg5 20. Qh5 f6 21. Qg4 Nf7 22.
Nh5 Nh6 23. Qg3 Qf7 24. Bf3 Bd7 25. Kh1 Kh8 26. Rg1 Rg8 27. Rg2 Be8 28. Rag1 g6
29. fxg6 Rxg6 30. Qxg6 Qxg6 31. Rxg6 Bxg6 32. Rxg6 Ng8 33. Nxf6 Nxf6 34. Rxf6
Rd8 35. Rf7 b5 36. Ra7 Rf8 37. Kg2 Rg8+ 38. Bg4 Rg6 39. Rxa6 Kh7 40. Rb6 b4 41.
a4 bxa3 42. bxa3 Kh6 43. a4 Kg5 44. Rb7 Kf4 45. a5 Ke3 46. Rf7 Kd4 47. a6 d5
48. a7 Ra6 49. Rd7 Kc3 50. Rxd5 Kxc2 51. Rxc5+ Kxd3 52. Rxe5 Rxa7 53. Bf5 Ke3
54. Kg3 Rg7+ 55. Kh4 Kf4 56. Re6 Rg8 57. Rh6 Rg7 58. Kh5 Rg5+ 59. Kh4 Rg8 60.
Bg6 Rg7 61. Bf5 Rg8 62. Rh7 Rg1 63. Kh5 Rg5+ 64. Kh6 Rg8 65. Rg7 Rh8+ 66. Kg6
Rh4 67. Rh7 Rxh7 68. Kxh7 Kg5 69. h4+ Kf6 70. h5 Kf7 71. Bg6+ Kf8 72. Kh8 Ke7
73. Kg7 1-0

[Event "XXX Memorial Edoardo Crespi B"]
[Site "Milano ITA"]
[Date "2009.12.06"]
[Round "3"]
[White "Bernago, Federico"]
[Black "Formento, Paolo"]
[Result "1/2-1/2"]
[WhiteElo "1960"]
[BlackElo "1779"]
[PlyCount "21"]
[EventDate "2009.12.04"]

1. e4 e5 2. Nf3 Nc6 3. Bb5 a6 4. Ba4 f5 5. exf5 e4 6. Bxc6 dxc6 7. Qe2 Qe7 8.
Nd4 Qe5 9. Nf3 Qe7 10. Nd4 Qe5 11. Nf3 1/2-1/2

[Event "XXX Memorial Edoardo Crespi B"]
[Site "Milano ITA"]
[Date "2009.12.06"]
[Round "3"]
[White "Bisignano, Riccardo"]
[Black "Krstic, Dragan"]
[Result "1-0"]
[WhiteElo "1937"]
[BlackElo "1810"]
[PlyCount "53"]
[EventDate "2009.12.04"]

1. e4 g6 2. d4 c6 3. Nc3 Bg7 4. Be3 d6 5. f4 e6 6. Be2 Ne7 7. Nf3 O-O 8. Qd2 d5
9. e5 Nf5 10. g4 Nxe3 11. Qxe3 Qb6 12. h4 Nd7 13. h5 c5 14. hxg6 fxg6 15. O-O-O
cxd4 16. Rxd4 a6 17. f5 gxf5 18. gxf5 Rxf5 19. Bd3 Rf7 20. Bxh7+ Kf8 21. Bg6
Rxf3 22. Qxf3+ Ke7 23. Rxd5 Nxe5 24. Rxe5 Bxe5 25. Qf7+ Kd8 26. Rd1+ Bd6 27.
Ne4 1-0

[Event "XXX Memorial Edoardo Crespi B"]
[Site "Milano ITA"]
[Date "2009.12.06"]
[Round "3"]
[White "Cartella, Giovanni"]
[Black "Colombo, Luca"]
[Result "1/2-1/2"]
[WhiteElo "1872"]
[BlackElo "1886"]
[PlyCount "174"]
[EventDate "2009.12.04"]

1. d4 Nf6 2. Nf3 d5 3. Bg5 Ne4 4. Bf4 e6 5. Nbd2 Nf6 6. e3 Bd6 7. Ne5 O-O 8.
Bd3 Nbd7 9. g4 Ne8 10. g5 Nxe5 11. dxe5 Bc5 12. h4 g6 13. h5 Ng7 14. Qg4 Nf5
15. Qh3 Qd7 16. O-O-O Re8 17. hxg6 fxg6 18. Bb5 c6 19. Ne4 Rf8 20. Nxc5 Qe7 21.
Be2 Rf7 22. Nb3 c5 23. f3 a5 24. e4 a4 25. Nxc5 Qxc5 26. exf5 exf5 27. Rd3 a3
28. b3 Rc7 29. Bd1 Be6 30. Be3 Qb5 31. Kb1 Qc6 32. Bd4 Rac8 33. Rc3 Qd7 34.
Rxc7 Rxc7 35. f4 Qb5 36. Qd3 Rc4 37. Ka1 Rb4 38. Qxb5 Rxb5 39. Be2 Ra5 40. b4
Ra8 41. Rc1 Rc8 42. c3 Kg7 43. Kb1 h6 44. gxh6+ Kxh6 45. Kc2 Kg7 46. Kb3 Ra8
47. Rg1 Kf7 48. Rh1 Kg7 49. Bb5 Kf8 50. Rc1 Kg7 51. Rh1 Kg8 52. Rh2 b6 53. c4
Rc8 54. Rc2 Kg7 55. cxd5 Bxd5+ 56. Bc4 Rxc4 57. Rxc4 b5 58. Kxa3 Bxc4 59. Kb2
Kf7 60. a3 Ke6 61. Kc3 Bf1 62. Bc5 Be2 63. Kd4 Bf1 64. Bd6 Be2 65. Bc7 Bf1 66.
Kc5 Be2 67. Bd8 Bf1 68. Kb6 Be2 69. Ka5 Kd7 70. Bf6 Bc4 71. a4 bxa4 72. Kxa4
Kc6 73. Ka5 Kb7 74. b5 Be6 75. Kb4 Bc8 76. Kc5 Kc7 77. Be7 Kd7 78. Bd6 Bb7 79.
Kb6 Bd5 80. Ka7 g5 81. fxg5 f4 82. Bc5 Ke6 83. Bd4 Kf5 84. b6 Kxg5 85. b7 Bxb7
86. Kxb7 Kf5 87. Kc6 Ke6 1/2-1/2

[Event "XXX Memorial Edoardo Crespi B"]
[Site "Milano ITA"]
[Date "2009.12.06"]
[Round "3"]
[White "Chiesa, Matteo"]
[Black "Bisignano, Giuseppe"]
[Result "1-0"]
[WhiteElo "1839"]
[BlackElo "1930"]
[PlyCount "51"]
[EventDate "2009.12.04"]

1. e4 e5 2. Nf3 Nc6 3. Bc4 Nf6 4. Nc3 Bc5 5. O-O O-O 6. d3 h6 7. a3 a5 8. h3 d6
9. Re1 Ne7 10. d4 exd4 11. Nxd4 Ng6 12. Be3 Re8 13. Nb3 Bxe3 14. Rxe3 Nf4 15.
Qf3 Ne6 16. e5 Ng5 17. Qe2 dxe5 18. h4 Ne6 19. Rxe5 Qd6 20. Rd1 Qb6 21. Nb5 Bd7
22. a4 Nf4 23. Rxe8+ Rxe8 24. Qf3 N4h5 25. Rxd7 Nxd7 26. Qxh5 1-0

[Event "XXX Memorial Edoardo Crespi B"]
[Site "Milano ITA"]
[Date "2009.12.06"]
[Round "3"]
[White "Conta, Diego"]
[Black "Bernasconi, Roberto"]
[Result "0-1"]
[WhiteElo "1749"]
[BlackElo "1941"]
[PlyCount "88"]
[EventDate "2009.12.04"]

1. d4 d5 2. c4 dxc4 3. e4 e5 4. Be3 Bb4+ 5. Nc3 c6 6. Bxc4 Qe7 7. h3 Nf6 8. f3
O-O 9. a3 Ba5 10. Nge2 Rd8 11. b4 Bb6 12. Na4 exd4 13. Bf2 Nbd7 14. Nxb6 Nxb6
15. Bd3 c5 16. bxc5 Qxc5 17. O-O Be6 18. Qc1 Na4 19. Bxd4 Rxd4 20. Qxc5 Nxc5
21. Nxd4 Nxd3 22. Nxe6 fxe6 23. Rfd1 Nc5 24. Ra2 Kf7 25. Rad2 Ke7 26. Kf2
Ncxe4+ 27. fxe4 Nxe4+ 28. Ke3 Nxd2 29. Rxd2 Rd8 30. Rb2 b6 31. Ke4 Rd5 32. Rc2
Kf6 33. Rf2+ Rf5 34. Rc2 h5 35. Rd2 g5 36. Rc2 Rf4+ 37. Ke3 Ra4 38. Ra2 Ke5 39.
Ra1 b5 40. Kd3 a5 41. Kc2 b4 42. Kb3 Rxa3+ 43. Rxa3 bxa3 44. Kxa3 Kd4 0-1